| 000 | 00952nam a2200301Ia 4500 | ||
|---|---|---|---|
| 001 | Para_9328 | ||
| 003 | CHAP | ||
| 008 | 220125s1988 xx 000 0 und d | ||
| 010 | _a207931 | ||
| 040 | _cCHAP | ||
| 082 | _a519.535 B6 | ||
| 100 |
_aBox, George E. P. _914854 |
||
| 245 |
_aEstadística para investigadores : _b introducción al diseño de experimentos, análisis de datos y construcción de modelos / _c por George E.P. Box, William G. Hunter y J. Stuart Hunter |
||
| 260 |
_aBarcelona : _bReverté |
||
| 300 | _a675 p. | ||
| 503 | _aC/e (ej.1) | ||
| 650 |
_aDiseños experimentales _932735 |
||
| 650 |
_aEstadística _938241 |
||
| 650 |
_aEstadística matemática _938261 |
||
| 700 |
_aHunter, William G. ; Hunter, J. Stuart _9174388 |
||
| 901 | _a519.535 B6 | ||
| 902 | _aM | ||
| 905 | _a0000001988 mn 0000000000 00 | ||
| 910 | _a1988 | ||
| 942 | _cPARA | ||
| 942 |
_cPARA _d1 |
||
| 999 |
_c207931 _d207931 |
||